1651 1616 1083 1144 1623 1787 1595 1732 1980 1304 1234 1093 1713 1452 1153 1119 1854 1800 1568 1256 1647 1847 1422 1655 1075 1870 1567 1148 1181 1908 1011 1138 1763 1804 1882 1521 1103 1771 1947 1927 1385 1332 1760 1232 1079 1275 1167 1957 1351 1261 1820 1763 1151 1448 1960 1119 1172 1297 1932 1874 1669 1102 1562 1767 1819 1147 1811 1562 1443 1059 1386 1747 1631 1490 1573 1573 1513 1077 1735 1989 1873 1192 1046 1646 1765 1892 1885 1709 1682 1077 1563 1496 1326 1150 1418 1615 1275 1974 1562 BCNSPRNW ULIB Ver.6.0+V

เปลี่ยนเป็นภาษาไทย

Change to English
 แสดงรายละเอียดบรรณานุกรม
  กลับหน้าหลัก

Brief Record : Get Marc (ISO 2709) : E-mail record : QR code < ปิดหน้าต่าง
LEADER : 00000nam 2200000uu 4500
001    13399128531
003     ULIB
008    020711s2560 th a 000 0 tha d
020    ^a9786163920218
060    ^aWS440^bS168น
100    ^aSally
245    ^aนิทานอีสป 2 ภาษา(ไทย-อังกฤษ)สำหรับเด็กๆหัดอ่านและเรียนรู้ภาษาอังกฤษ หมาป่ากับลูกแกะ : The Wolf and the Lamb
250    ^aพิมพ์ครั้งที่ 1
260    ^aกรุงเทพฯ :^bโลกหนังสือ,^c2560
300    ^a10 หน้า;^c19 ซม.
650    ^aนิทานเด็ก
650    ^aเด็ก-พัฒนาการ
945    ^p35^l0^i010299
999    ^aประนอม เกษจรัล
รายการนี้ยังไม่มีแท็ก
คุณยังไม่ได้ล็อกอิน คุณสามารถมีกิจกรรมร่วมกับเว็บไซต์ได้ แต่ต้องล็อกอินก่อน ::
  ล็อกอิน

รายการสื่อสารสนเทศ

ลำดับที่ ประเภท เลขเรียก/บาร์โค้ด สถานที่ สถานะ
1. วิทยาศาสตร์การแพทย์ และสุขภาพ
วิทยาศาสตร์การแพทย์ และสุขภาพ
WS440 S168น ฉ.1 
  Barcode: 010299
ห้องสมุดวิทยาเขตสวรรค์ประชารักษ์
►หนังสือทั่วไป
บนชั้น

รายการใกล้เคียง
    ชื่อเรื่อง [นิทานอีสป 2 ภาษา(ไทย-อังกฤษ)สำหรับเด็กๆหัดอ่านและเรียนรู้ภาษาอังกฤษ หมาป่ากับลูกแกะ : The Wolf and the Lamb]

    ผู้แต่ง [Sally]

    หัวเรื่อง [นิทานเด็ก]
    หัวเรื่อง [เด็ก-พัฒนาการ]

BibComment


ยังไม่เคยถูกคอมเมนท์

คอมเมนท์ทรัพยากรรายการนี้
  คอมเมนท์: นิทานอีสป 2 ภาษา..


 Copyright 2026. Bcnsprnw @Library